00000000nam 2200000zi 4500
0019.896900
003CaOODSP
00520250915143340
006m     o  d f      
007cr cn|||||||||
008210224t20212021oncbd   ob   f000 0 fre d
040 |aCaOODSP|bfre|erda|cCaOODSP
043 |an-cn-qu|an-cnm
0861 |aFs70-5/2021-002F-PDF
1001 |aBlais, M., |eauteur.
24514|aLes conditions océanographiques chimiques et biologiques dans l’estuaire et le golfe du Saint-Laurent en 2019 / |cM. Blais, P. S. Galbraith, S. Plourde, L. Devine et C. Lehoux.
264 1|aOttawa (Ontario) : |bSecrétariat canadien de consultation scientifique (SCCS), |c2021.
264 4|c©2021
300 |a1 ressource en ligne (iv, 68 pages) : |bcartes en couleur, graphiques (principalement en couleur).
336 |atexte|btxt|2rdacontent/fre
337 |ainformatique|bc|2rdamedia/fre
338 |aressource en ligne|bcr|2rdacarrier/fre
4901 |aDocument de recherche, |x2292-4272 ; |v2021/002
500 |aPublié aussi en anglais sous le titre : Chemical and biological oceanographic conditions in the Estuary and Gulf of St. Lawrence during 2019.
500 |a« Région du Québec. »
500 |a« Février 2021. »
504 |aComprend des références bibliographiques (pages 18-20).
650 6|aOcéanographie|zSaint-Laurent, Golfe du|vObservations.
650 6|aOcéanographie|zQuébec (Province)|zSaint-Laurent, Estuaire du|vObservations.
7102 |aSecrétariat canadien de consultation scientifique, |eorganisme de publication.
7101 |aCanada. |bMinistère des pêches et des océans. |bRégion du Québec, |eorganisme de publication.
77508|tChemical and biological oceanographic conditions in the Estuary and Gulf of St. Lawrence during 2019 / |w(CaOODSP)9.896897
830#0|aDocument de recherche (Secrétariat canadien de consultation scientifique)|v2021/002.|w(CaOODSP)9.503788
85640|qPDF|s16.34 Mo|uhttps://publications.gc.ca/collections/collection_2021/mpo-dfo/fs70-5/Fs70-5-2021-002-fra.pdf